logo

Bir Sreshtho Munshi Abdur Rouf Library
Jhenaidah Cadet College

A Study of Islamic History / (Record no. 4525)

MARC details
000 -LEADER
fixed length control field 00572nam a2200229 a 4500
001 - CONTROL NUMBER
JCCL Control Number 4525
003 - CONTROL NUMBER IDENTIFIER
JCCL marc code BD-JhCC
005 - DATE AND TIME OF LATEST TRANSACTION
control field 20220120134023.0
008 - FIXED-LENGTH DATA ELEMENTS--GENERAL INFORMATION
fixed length control field 171128s19501965P |||| || | 000 0 eng d
035 ## - SYSTEM CONTROL NUMBER
system control number (BD-JhCC)4525
040 ## - CATALOGING SOURCE
Original cataloging agency BD-JhCC
Modifying agency BD-JhCC
041 ## - LANGUAGE CODE
Language code of Book eng
082 ## - DEWEY DECIMAL CLASSIFICATION NUMBER
Classification number 297.822
Author mark and Year ALI 1965
100 ## - MAIN ENTRY--PERSONAL NAME
Personal name Ali, Prof. K.
245 ## - TITLE STATEMENT
Title A Study of Islamic History /
Statement of responsibility, etc Prof. K. Ali,
250 ## - EDITION STATEMENT
Edition statement 9Th Ed
260 ## - PUBLICATION, DISTRIBUTION, ETC. (IMPRINT)
Place of publication, distribution, etc Dacca :
Name of publisher, distributor, etc Mohammadi Book House,
Date of publication, distribution, etc 1965.
300 ## - PHYSICAL DESCRIPTION
Pagination 420 p. :
Dimensions 18 cm.
650 ## - SUBJECT ADDED ENTRY--TOPICAL TERM
Topical term or geographic name as entry element Islamic History
942 ## - ADDED ENTRY ELEMENTS (KOHA)
Source of classification or shelving scheme Dewey Decimal Classification
Koha item type Books
Koha issues (borrowed), all copies 2
Holdings
Source of classification or shelving scheme Damaged status Not for loan Home library Current library Shelving location Date of accession Total Checkouts Full call number Barcode Date last seen Date checked out Copy number Koha item type Cost, normal purchase price
Dewey Decimal Classification     JCC Rouf Library JCC Rouf Library General Stacks 11/28/2017 1 297.822 ALI 1965 6360 03/29/2022 01/19/2022 C-1 Books  
Dewey Decimal Classification     JCC Rouf Library JCC Rouf Library General Stacks 11/29/2017   297.822 ALI 1965 6518 11/29/2017   C-2 Books  
Dewey Decimal Classification     JCC Rouf Library JCC Rouf Library General Stacks 02/12/2018   297.822 ALI 1965 9843 02/12/2018   C-3 Books 6.00

JCC Library | Contacts | JCC Home

Last Update on 23 September 2017
Copyright @ 2017-2020 JCC Rouf Library
Rouf Library, Jhenidah Cadet College (JCC), Bangladesh